Tratado de música en general (Registro nro. 303493)

Detalles MARC
000 -ENCABEZADO
Número de control [NR] 01986nam a2200241 4500
005 - FECHA Y HORA DE LA ÚLTIMA TRANSACCIÓN
control field 20180713145631.0
008 - DE LONGITUD FIJA DE DATOS DE ELEMENTOS - INFORMACIÓN GENERAL
Elementos de longitud fija [NR] 160524b1893 ck |||fr|||| 001 0 spa d
040 ## - FUENTE DE CATALOGACION [NR]
Agencia de catalogación original [NR] CO-BoUCM
Idioma de catalogación [NR] spa
Quien Cataloga Sandra Yazo
Quien Clasifica Sandra Yazo
041 0# - CODIGO DE IDIOMA [R]
Código de idioma para texto/pista de sonido o título separado [R] Español
082 04 - NUMERO DE CLASIFICACION DECIMAL DEWEY [R]
Número de la edición [NR] 20
Número de clasificación [R] 780
092 ## - SIGNATURA TOPOGRAFICA LOCAL
Número de clasificación local E40N022
100 1# - ASIENTO PRINCIPAL--NOMBRE PERSONAL [NR]
Nombre personal [NR] Fernández V., Eusebio Celio
ID Autoridad 77389
242 ## - TRADUCCION DEL TITULO POR LA AGENCIA CATALOGADORA [R]
Título [NR] Tratado de música en general
Parte restante del título [NR] para el uso de las escuelas primarias y para consulta de músicos mayores
245 10 - MENCION DE TITULO [NR]
Título [NR] Tratado de música en general
Parte restante del título [NR] para el uso de las escuelas primarias i para consulta de músicos mayores
Mención de responsabilidad, etc. [NR] por Eusebio Celio Fernández V.
260 ## - PUBLICACION, DISTRIBUCION, ETC. (PIE DE IMPRENTA) [R]
Lugar de publicación, distribución, etc. [R] Cartagena (Colombia)
Nombre del editor, distribuidor, etc. [R] Imprenta "El Esfuerzo"
Fecha de publicación, distribución, etc. [R] 1893
300 ## - DESCRIPCION FISICA [R]
Extensión [R] 168 páginas, [3] hojas plegadas
Dimensiones [R] 17 x 12 cm
500 ## - NOTA GENERAL [R]
Nota general [NR] Detalles físicos: Encuadernación rígida en cartón forrado en papel con lomo en tela. Tapas con bordes deteriorados y deformación de plano. Guardas. Hoja de cortesía con una anotación manuscrita del autor. Portada impresa en una sola tinta con un adorno decorativo. Texto impreso en una sola columna, ocasionalmente tres columnas. Incluye algunos gráficos y unas tablas. Notas al pie de página. Incluye tres hojas plegadas con acordes
505 0# - NOTA DE CONTENIDO CON FORMATO PREESTABLECIDO [R]
Nota de contenido con formato preestablecido [NR] Nociones preliminares ; De la pauta o pentagrama y líneas adicionales ; Las claves o llaves ; Las notas ; Valores primitivos de las notas ; Silencios ; Valores adicionales, punto, doble punto, sincopa o calderón ; Los compases, tiempos y movimientos , Los accidentes, bemol, becuadro, sobre sostenido y doble bemol ; Los signos de expresión, ligado, picado -- El sonido ; Semitono y tono ; Intervalos y sus versiones ; Modos ; Escalas ; Melodía y su composición ; Ritmo en melodía i armonía ; Trasposición ; Modulaciones ; Cadencias ; Composición en general ; Clases de composiciones ; Canto y las voces ; Caligrafía musical
506 ## - NOTA DE RESTRICCIONES DE ACCESO [R]
Condiciones de acceso [NR] Cosulta en sala
650 #7 - ASIENTO SECUNDARIO DE MATERIA - TERMINO TEMATICO [R]
9 (RLIN) 19976
Término temático o nombre geográfico como elemento de entrada [NR] Música
Subdivisión general [R] Enseñanza
690 ## - ASUNTO AGREGADO LOCAL DE ENTRADA - TÉRMINO TEMÁTICO (OCLC, RLIN)
Acceso temático local Arte
9 (RLIN) 9444
942 ## - ELEMENTOS DE ENTRADA AGREGADOS (KOHA)
Sistema de clasificación LOCAL
Tipo de ítem principal el descrito en 300a Libro
Edición 1
Clasificación E40N022
Existencias
Suprimido Perdido Sistema de clasificación Dañado No prestable Tipo de ítem específico Ubicación habitual Ubicación actual Localización Fecha de creación Forma de adquisición Costo Total préstamos Signatura topográfica Código de barras Última vez visto Ejemplar Price effective from Tipo de ítem
    LOCAL     Libro archivo Archivo Histórico Archivo Histórico Archivo histórico 24/05/2016 Donación 0.00   E40N022 L005673 24/05/2016 Ej.1 24/05/2016 Libro